00317nam a2200109Ia 4500008004100000082000800041100002000049245001800069942000600087952009900093999001500192240331s9999 xx 000 0 und d bABD aAbdulkareem, M  0aThamil veeram cL 001040708LaWERCLbWERCLcSSCd2024-03-31l0o 894.811 ABDp2591r2024-03-31w2024-03-31yL c3973d3973